000 01083nam a22002537a 4500
005 20240305165500.0
007 cr|||| |||
008 180224s2017 ar |||||s|||| 00||0 spa d
020 _a987-9086-31-7
035 _a21005
040 _avLex
090 _c7407
_d7407
245 0 0 _aRégimen municipal
_h[Recurso electrónico] :
_bProvincia de Buenos Aires
250 _a8ª edición
256 _aServicio en línea
260 _aLa Plata:
_bEditorial Scotti Libros,
_c2017
300 _a1 recurso electrónico (360 p.)
500 _a8ª edición actualizada y ampliada.
506 1 _aDisponible solo en los productos indicados
_dvLex Global
_dvLex Global (Academic Edition, excluding Law Schools)
_dvLex Global (U.S. Academic Edition, Law Schools)
_dvLex Global (U.S. Academic Edition, excluding Law Schools)
_dvLex Global (Academic Edition, Law Schools)
650 0 4 _aDerecho Público y Administrativo
_zArgentina
740 0 _avLex Libros (Servicio en línea)
856 4 0 _uhttps://app.vlex.com/#/sources/regimen-municipal-provincia-buenos-aires-21005
942 _cRAA
999 _c165646
_d165646